[Event "Wch Seniors 50 30th"]
[Site "Assisi"]
[Date "2022.11.24"]
[Round "9"]
[White "Zeller, Frank"]
[Black "Wempe, Juergen"]
[Result "1-0"]
[WhiteElo "2359"]
[BlackElo "2177"]
[PlyCount "65"]
[EventDate "2022.11.15"]
[EventType "swiss"]
[EventRounds "11"]
[EventCountry "ITA"]
[SourceTitle "CBM 211 Extra"]
[Source "ChessBase"]
[SourceDate "2023.01.31"]
[SourceVersion "1"]
[SourceVersionDate "2023.01.31"]
[SourceQuality "1"]

1. e4 d6 2. d4 Nf6 3. Nc3 e5 4. Nf3 Nbd7 5. Bc4 Be7 6. 0-0 0-0 7. Re1 c6 8. a4 a5 9. h3 Nb6 10. Ba2 Nfd7 11. Be3 Bf6 12. Re2 exd4 13. Bxd4 Ne5 14. Nxe5 Bxe5 15. Rd2 Bf4 16. Rd3 Be6 17. Qf3 Bh6 18. Bxe6 fxe6 19. Qg4 Re8 20. Re1 Nd7 21. Ne2 Qe7 22. Ng3 Rf8 23. Qd1 Bf4 24. Nh5 Be5 25. Bxe5 Nxe5 26. Rxd6 Qh4 27. f4 Nc4 28. Rd7 Rad8 29. Rxg7+ Kh8 30. Qe2 Rd2 31. Qxc4 Qxe1+ 32. Kh2 Qxe4 33. Qxe4 1-0

[Event "Merano Gold Cup 41st"]
[Site "Merano"]
[Date "2013.04.??"]
[Round "3"]
[White "Spanton, Timothy"]
[Black "Wempe, Juergen"]
[Result "1/2-1/2"]
[WhiteElo "2022"]
[BlackElo "2148"]
[PlyCount "34"]
[EventDate "2013.04.19"]
[EventType "swiss"]
[EventRounds "9"]
[EventCountry "ITA"]
[SourceTitle "EXT 2015"]
[Source "ChessBase"]
[SourceDate "2014.11.20"]
[SourceVersion "1"]
[SourceVersionDate "2014.11.20"]
[SourceQuality "1"]

1. c4 c5 2. g3 g6 3. Bg2 Bg7 4. Nc3 Nc6 5. e3 d6 6. Nge2 Bf5 7. e4 Bd7 8. 0-0 Nf6 9. d3 Qc8 10. Rb1 Bh3 11. Nf4 Bxg2 12. Kxg2 h5 13. h4 Ng4 14. f3 Nge5 15. a3 Nd4 16. Be3 Nec6 17. Nce2 Qd7 1/2-1/2

[Event "Merano Gold Cup 41st"]
[Site "Merano"]
[Date "2013.04.??"]
[Round "2"]
[White "Wempe, Juergen"]
[Black "Gerhards, Walter"]
[Result "1-0"]
[WhiteElo "2148"]
[BlackElo "1963"]
[PlyCount "73"]
[EventDate "2013.04.19"]
[EventType "swiss"]
[EventRounds "9"]
[EventCountry "ITA"]
[SourceTitle "EXT 2015"]
[Source "ChessBase"]
[SourceDate "2014.11.20"]
[SourceVersion "1"]
[SourceVersionDate "2014.11.20"]
[SourceQuality "1"]

1. e4 e5 2. Nf3 Nc6 3. Bb5 Nf6 4. 0-0 Be7 5. Bxc6 dxc6 6. Nxe5 Qd4 7. Nf3 Qxe4 8. Re1 Qd5 9. b3 Be6 10. d4 0-0-0 11. c4 Qh5 12. Re5 Qg6 13. Rg5 Qh6 14. Be3 Nd7 15. Ra5 Qg6 16. Rxa7 Bh3 17. Ra8+ Nb8 18. Qf1 Bf6 19. Nc3 Rhe8 20. Rd1 h5 21. Kh1 Bg4 22. Ne2 h4 23. h3 Bf5 24. d5 Rxe3 25. fxe3 cxd5 26. cxd5 Be4 27. Nf4 Qf5 28. d6 cxd6 29. Qc4+ Bc6 30. Qxf7 Qc2 31. Qe6+ Kc7 32. Nd5+ Bxd5 33. Qxd5 Qc6 34. Qd2 Kd7 35. Rc1 Qe4 36. Qc2 Qxe3 37. Qc7+ 1-0

[Event "Bad Breisig op"]
[Site "Bad Breisig"]
[Date "2009.11.25"]
[Round "5"]
[White "Zirwes, Hans Juergen"]
[Black "Wempe, Juergen"]
[Result "0-1"]
[WhiteElo "1933"]
[BlackElo "2176"]
[PlyCount "92"]
[EventDate "2009.11.21"]
[EventType "swiss"]
[EventRounds "9"]
[EventCountry "GER"]
[SourceTitle "EXT 2019"]
[Source "ChessBase"]
[SourceDate "2018.10.10"]
[SourceVersion "1"]
[SourceVersionDate "2018.10.10"]
[SourceQuality "1"]

1. d4 f5 2. g3 Nf6 3. Bg2 e6 4. Nd2 c5 5. c3 Nc6 6. e3 b6 7. Ndf3 Ba6 8. Ne2 Rc8 9. Bd2 Be7 10. 0-0 0-0 11. Re1 Bd3 12. Ne5 Nxe5 13. dxe5 Ne8 14. Nf4 c4 15. Bc1 Be4 16. Bxe4 fxe4 17. Qc2 Qc7 18. Qxe4 Rf7 19. Ne2 b5 20. Nd4 Qb6 21. a3 Nc7 22. f4 Na6 23. Bd2 Nc5 24. Qg2 d5 25. Rf1 Nd3 26. Qh3 Nc5 27. Rf3 a5 28. Raf1 g6 29. Qg4 Rg7 30. Qh3 Re8 31. g4 Nd3 32. g5 Bc5 33. Bc1 b4 34. axb4 axb4 35. Qg2 Ra8 36. Qc2 Ra2 37. Nb3 bxc3 38. Nxc5 cxb2 39. Bxb2 Nxc5 40. Ra1 Rxb2 41. Ra8+ Kf7 42. Qc3 Rg8 43. Rxg8 Kxg8 44. Qa3 Nd7 45. Qe7 Nf8 46. f5 exf5 0-1

[Event "Merano Gold Cup 36th"]
[Site "Merano"]
[Date "2008.04.09"]
[Round "6"]
[White "Wempe, Juergen"]
[Black "Helbig, Dieter"]
[Result "1-0"]
[WhiteElo "2183"]
[BlackElo "1896"]
[PlyCount "63"]
[EventDate "2008.04.04"]
[EventType "swiss"]
[EventRounds "9"]
[EventCountry "ITA"]
[SourceTitle "EXT 2015"]
[Source "ChessBase"]
[SourceDate "2014.11.20"]
[SourceVersion "1"]
[SourceVersionDate "2014.11.20"]
[SourceQuality "1"]

1. d4 Nf6 2. Bf4 d6 3. Nd2 Nbd7 4. Ngf3 g6 5. h3 Bg7 6. e4 0-0 7. Bc4 c5 8. e5 Ne8 9. e6 fxe6 10. Ng5 Nc7 11. Bxe6+ Nxe6 12. Nxe6 Qe8 13. Nxf8 Qxf8 14. Qf3 cxd4 15. Ne4 Nb6 16. Qb3+ Kh8 17. Ng5 d5 18. Bc7 Nc4 19. 0-0 h6 20. Nf3 b6 21. Rfe1 Bf5 22. Be5 Rc8 23. Bxd4 Bxd4 24. Nxd4 e5 25. Nxf5 gxf5 26. Qd3 d4 27. b3 Nb2 28. Qd2 Qg7 29. Rab1 Rg8 30. f3 e4 31. fxe4 d3 32. Rxb2 1-0

[Event "Oberliga Nord W 0708"]
[Site "Germany"]
[Date "2008.02.10"]
[Round "6.8"]
[White "Kaiser, Gerhard"]
[Black "Wempe, Juergen"]
[Result "1/2-1/2"]
[WhiteElo "1960"]
[BlackElo "2204"]
[PlyCount "95"]
[EventDate "2007.10.21"]
[EventType "team-tourn"]
[EventRounds "9"]
[EventCountry "GER"]
[SourceTitle "EXT 2009"]
[Source "ChessBase"]
[SourceDate "2008.11.26"]
[SourceVersion "1"]
[SourceVersionDate "2008.11.26"]
[SourceQuality "1"]
[WhiteTeam "Hameln"]
[BlackTeam "Oldenburg Union"]
[WhiteTeamCountry "GER"]
[BlackTeamCountry "GER"]

1. e4 c5 2. Nf3 Nf6 3. e5 Nd5 4. Nc3 e6 5. Nxd5 exd5 6. d4 Nc6 7. dxc5 Bxc5 8. Qxd5 d6 9. exd6 Qb6 10. Bd3 Bxf2+ 11. Kf1 Be6 12. Qb5 0-0-0 13. Bf4 h6 14. Ne5 Nxe5 15. Qxb6 Bxb6 16. Bxe5 f6 17. Bg3 Bc5 18. Re1 Rhe8 19. Bf2 Bxd6 20. Bxa7 Kc7 21. Bf2 f5 22. h4 g6 23. Bb5 Re7 24. Rh3 f4 25. Rc3+ Kb8 26. Bb6 Bd7 27. Bxd7 Rdxd7 28. Rd3 Rxe1+ 29. Kxe1 Re7+ 30. Kf2 Re6 31. c4 Be7 32. Bd8 Bc5+ 33. Kf3 Be3 34. g3 fxg3 35. Kxg3 Bc5 36. a3 Kc8 37. Ba5 b6 38. Bc3 Re4 39. b4 Be7 40. Rd4 Bxh4+ 41. Kh3 Rxd4 42. Bxd4 Bd8 43. a4 Kd7 44. c5 bxc5 45. Bxc5 Kc6 46. Be3 h5 47. b5+ Kd5 48. Bf2 1/2-1/2

[Event "Oberliga Nord W 0708"]
[Site "Germany"]
[Date "2007.12.09"]
[Round "4.8"]
[White "Ohse, Andreas"]
[Black "Wempe, Juergen"]
[Result "1/2-1/2"]
[WhiteElo "2131"]
[BlackElo "2204"]
[PlyCount "51"]
[EventDate "2007.10.21"]
[EventType "team-tourn"]
[EventRounds "9"]
[EventCountry "GER"]
[SourceTitle "EXT 2009"]
[Source "ChessBase"]
[SourceDate "2008.11.26"]
[SourceVersion "1"]
[SourceVersionDate "2008.11.26"]
[SourceQuality "1"]
[WhiteTeam "Delmenhorst"]
[BlackTeam "Oldenburg Union"]
[WhiteTeamCountry "GER"]
[BlackTeamCountry "GER"]

1. g3 e5 2. c4 Bc5 3. Bg2 Nf6 4. Nc3 0-0 5. e3 Re8 6. Nge2 c6 7. d4 exd4 8. exd4 Bb4 9. 0-0 h6 10. Qb3 Bxc3 11. Nxc3 d6 12. Bf4 Nh5 13. Bd2 Nd7 14. Rae1 Ndf6 15. h3 Rxe1 16. Rxe1 Ne8 17. d5 c5 18. g4 Nhf6 19. Bf4 b6 20. Ne4 Nxe4 21. Bxe4 Qf6 22. Bh2 Bd7 23. Re2 Rb8 24. Qa3 a5 25. Bd3 h5 26. Qc3 1/2-1/2

[Event "Seefeld op 18th"]
[Site "Seefeld"]
[Date "2007.09.07"]
[Round "7"]
[White "Wempe, Juergen"]
[Black "Mueller, Helmut1111"]
[Result "1-0"]
[WhiteElo "2204"]
[BlackElo "2077"]
[PlyCount "43"]
[EventDate "2007.09.01"]
[EventType "swiss"]
[EventRounds "9"]
[EventCountry "AUT"]
[SourceTitle "EXT 2009"]
[Source "ChessBase"]
[SourceDate "2008.11.26"]
[SourceVersion "1"]
[SourceVersionDate "2008.11.26"]
[SourceQuality "1"]

1. d4 d5 2. Nf3 Nf6 3. Bf4 Bf5 4. Ne5 Nbd7 5. Nd2 h6 6. c4 c6 7. cxd5 cxd5 8. Qa4 g5 9. Bg3 Bg7 10. e3 0-0 11. Bd3 Bxd3 12. Nxd3 Qb6 13. 0-0 Rac8 14. Rac1 Rfd8 15. b4 a6 16. Nb3 Rc4 17. Na5 Rcc8 18. Nc5 Nxc5 19. bxc5 Qa7 20. Rb1 Rd7 21. Rb6 e5 22. Rxf6 1-0

[Event "Oberliga Nord W 0607"]
[Site "Germany"]
[Date "2007.02.25"]
[Round "6.8"]
[White "Hoffmann, Lukas"]
[Black "Wempe, Juergen"]
[Result "0-1"]
[WhiteElo "2151"]
[BlackElo "2204"]
[PlyCount "60"]
[EventDate "2006.10.15"]
[EventType "team-tourn"]
[EventRounds "9"]
[EventCountry "GER"]
[SourceTitle "EXT 2008"]
[Source "ChessBase"]
[SourceDate "2007.11.25"]
[SourceVersion "1"]
[SourceVersionDate "2007.11.25"]
[SourceQuality "1"]
[WhiteTeam "Hannover Post"]
[BlackTeam "Oldenburg Union"]
[WhiteTeamCountry "GER"]
[BlackTeamCountry "GER"]

1. e4 c5 2. Nf3 Nf6 3. e5 Nd5 4. Nc3 e6 5. Nxd5 exd5 6. d4 Nc6 7. dxc5 Bxc5 8. Qxd5 d6 9. Bc4 Be6 10. Qd3 Nb4 11. Qe2 Bxc4 12. Qxc4 0-0 13. 0-0 Qc7 14. Be3 b5 15. Qxb5 Nxc2 16. exd6 Bxd6 17. Rac1 Rab8 18. Qd3 Rxb2 19. Bd4 Rd8 20. Kh1 Bf4 21. Rcd1 Rxa2 22. Qb3 Ra3 23. Qb5 h6 24. Be5 Bxe5 25. Qxe5 Rxd1 26. Qe8+ Kh7 27. Rxd1 Qf4 28. Qa8 Nd4 29. Nxd4 Qxd4 30. Rf1 Ra1 0-1

[Event "Doerentrup Schachwoche"]
[Site "Doerentrup"]
[Date "2006.06.10"]
[Round "1"]
[White "Petrasch, Hans Juergen"]
[Black "Wempe, Juergen"]
[Result "0-1"]
[WhiteElo "1641"]
[BlackElo "2208"]
[PlyCount "54"]
[EventDate "2006.06.10"]
[EventType "tourn"]
[EventRounds "7"]
[EventCountry "GER"]
[SourceTitle "EXT 2022"]
[Source "ChessBase"]
[SourceDate "2021.10.06"]
[SourceVersion "1"]
[SourceVersionDate "2021.10.06"]
[SourceQuality "1"]

1. c4 f5 2. Nf3 d6 3. d4 Nf6 4. Nc3 a5 5. e3 e6 6. Be2 Be7 7. 0-0 0-0 8. b3 Qe8 9. Bb2 Na6 10. a3 c6 11. Rc1 e5 12. dxe5 dxe5 13. Nxe5 Be6 14. Qc2 Bd6 15. Na4 b5 16. cxb5 cxb5 17. Nb6 Rb8 18. Qc6 Qd8 19. Bd4 Nc7 20. Bxb5 Nxb5 21. Qxb5 Bxa3 22. Nc6 Qe8 23. Rc2 Bb4 24. Qa4 f4 25. Qa2 f3 26. Nxb8 Qg6 27. g3 Qf5 0-1

[Event "Seefeld op 16th"]
[Site "Seefeld"]
[Date "2005.09.24"]
[Round "8"]
[White "Wempe, Juergen"]
[Black "Ballon, Guenther Jan"]
[Result "1/2-1/2"]
[WhiteElo "2202"]
[BlackElo "2213"]
[PlyCount "25"]
[EventDate "2005.09.17"]
[EventType "swiss"]
[EventRounds "9"]
[EventCountry "AUT"]
[SourceTitle "EXT 2007"]
[Source "ChessBase"]
[SourceDate "2006.11.23"]
[SourceVersion "1"]
[SourceVersionDate "2006.11.23"]
[SourceQuality "1"]

1. d4 d5 2. Nf3 e6 3. Bf4 c5 4. e3 Nc6 5. c3 Nf6 6. Nbd2 Be7 7. h3 a6 8. Bd3 0-0 9. Qb1 cxd4 10. exd4 b5 11. Ne5 Bb7 12. Ng4 g6 13. Nf3 1/2-1/2

[Event "Seefeld op 16th"]
[Site "Seefeld"]
[Date "2005.09.19"]
[Round "3"]
[White "Levin, Felix"]
[Black "Wempe, Juergen"]
[Result "1-0"]
[WhiteElo "2498"]
[BlackElo "2202"]
[PlyCount "51"]
[EventDate "2005.09.17"]
[EventType "swiss"]
[EventRounds "9"]
[EventCountry "AUT"]
[SourceTitle "EXT 2007"]
[Source "ChessBase"]
[SourceDate "2006.11.23"]
[SourceVersion "1"]
[SourceVersionDate "2006.11.23"]
[SourceQuality "1"]

1. d4 f5 2. Nf3 Nf6 3. g3 e6 4. Bg2 Be7 5. 0-0 0-0 6. c4 a5 7. Nc3 Qe8 8. d5 e5 9. Nxe5 Bb4 10. Nd3 Bxc3 11. bxc3 Ne4 12. Ba3 d6 13. c5 Nxc3 14. Qd2 Ne4 15. Qb2 Nd7 16. cxd6 cxd6 17. Rac1 b6 18. Nf4 Ndf6 19. Qxb6 Qa4 20. Qc6 Bd7 21. Qxa4 Bxa4 22. Bxe4 Nxe4 23. f3 Nd2 24. Rfe1 Rfc8 25. Bxd6 Nc4 26. Be7 1-0